Famous Serial Killers - Statistics

General Stats
  • This quiz has been taken 519 times
  • The average score is 4 of 10
Answer Stats
Hint Answer % Correct
30+ victims in Washington, Florida, Utah , Colorado. Executed by Electric Chair in 1989 Ted Bundy
90%
Pogo the clown,the killer clown, crimes in Illinois. Executed by lethal injection in 1994 John Wayne Gacy
86%
Dubbed "The Night Stalker". from California. Sentenced to death but died before his death date Richard Ramirez
67%
serial killer in California never apprehended by police. sent police notes in zodiac signs Zodiac Killer
64%
Also know as the BTK ( Bind, Torture, Kill) killer. killer from 1974 to 1991 in a Kansas town Dennis Rader
44%
Nicknamed the Vampire of Dusseldorf. Executed by guillotine in 1930. Peter Kurten
12%
serial killer who killed seven men from 1989 to 1990. executed in Florida by lethal injection. Aileen Wournos
8%
man who had twelve aliases which included Jeff Davis, Jefferson Davis. Famous last words "Yes hurry it up you Hoosier bastard. I could kill a dozen men while youre screwing around. He was hanged in 1930. Carl Panzram
6%
Serial Killer from MInnesota. nicknamed the "the Weepy Voiced killer" from the phone calls he made to the police confessing his crimes in a weeping voice. Paul Michael Stephani
5%
Chinese serial killer who was known as the "Monster Killer" Yang Xinhai
4%
No matching quizzes found
Score Distribution
Percent of People with Each Score
Percentile by Number Answered
Your Score History
You have not taken this quiz